01713nam a2200373 a 4500001001000000003000500010005001700015008004100032010001100073011001100084040000900095090001000104100004600114245019400160260003900354500006000393502010400453590004100557590004100598590004100639590004000680590004000720590004000760650006700800650005800867650003600925856007000961901000701031942001001038942000601048999001901054952013101073952013501204000113731CHAP20220329144410.0170913s2017 mx sm |||||||spa d a110192 a111164 cCHAP aTesis1 aSantos Rivera, María de la Luz.913333110aDescripción, manejo e importancia de los sistemas agroforestales de la Comunidad P´urhepecha de San Juan Carapan Michoacán, Méxicoh[En línea]cpor María de la Luz Santos Rivera. aMorelia, Mich. :bEl autor,c2017. aPara ver el contenido del material haga clic en la liga aTesis (M.C. en Desarrollo Rural Regional) -- UACH. Dirección de Centros Regionales Universitarios aBATCH-UPDb05c20170913lUCH01h0915 aBATCH-UPDb05c20170913lUCH01h0935 aBATCH-UPDb05c20170913lUCH01h0939 aE5765TAJb05c20170913lUCH01h0914 aE5765TAJb05c20170913lUCH01h0914 aE5765TAJb05c20170913lUCH01h093814aPurepechas (Indios)xDesarrollo de la comunidad rural.913333314aPurepechas (Indios)xSistemas agroforestales.913333214aTierrasxUtilización.9113219 aFinding aiduhttp://10.13.5.2/tesis/sist113731.pdfzTeclea aquí aBK cTESIS n0 c110192d110192 00104054718TESISaBCbBCd2017-09-13fTESISl0oTesisp113733-10r2019-12-31 00:00:00w2019-12-31yTESISzRecien adquirido 00102local4053708TESISaBCbBCcPA_TESISd2017-09-13fTESISl0oTesisp113733-20r2019-12-31 00:00:00tc.2w2019-12-31yTESIS